000 00719nam a2200253Ia 4500
003 OSt
005 20220925232106.0
006 a|||||r|||| 00| 0
007 ta
008 220923b |||||||| |||| 00| 0 eng d
020 _a0 472 10780 1
037 _cGeneral Book
040 _aRTL
_cRTL
_beng
041 _2eng
_aeng
082 _aV2:17.N5, N7
100 _aBooker M Keith
_922213
245 0 _aColonial power, colonial texts
_b India in the modern British novel
260 _aMichigan
_bUniversity of Michigan Press
_c1997
300 _a239p
_ccm.
650 _a India
_964395
650 _aHistory
942 _hV2:17.N5, N7
_cGB
_2CC
999 _c590275
_d590275